| 000 | 00000nas 2200000za 4500 |
| 001 | 9.503861 |
| 003 | CaOODSP |
| 005 | 20230207092449 |
| 007 | cr ||||||||||| |
| 008 | 150406d20042000xxc|| p o||||f| |0fre|d |
| 040 | |aCaOODSP|bfre |
| 043 | |an-cn--- |
| 086 | 1 |aT51-19F-PDF |
| 245 | 00|aSécurité aérienne mainteneur |h[ressource électronique]. |
| 260 | |a[Ottawa] : |bTransports Canada |
| 310 | |aTrimestriel |
| 362 | 1 |aParaît depuis 2000?; ne paraît après n° 4 (2004). |
| 580 | |aAbsorbé par Sécurité aérienne nouvells. |
| 710 | 1 |aCanada. |bTransports Canada. |
| 775 | 08|tAviation safety maintainer |w(CaOODSP)9.507469 |
| 785 | 00|tSécurité aérienne, nouvelles |w(CaOODSP)9.501381 |